000
00329nam a2200145Ia 4500
008
230605s2000 xx 000 0 und d
041
_a
eng
245
_a
Organisation Design and Development
260
_b
Zerox Copy
_c
2000
300
_a
62
365
_b
34.8
500
_a
210
520
_a
General
650
_a
Organisation
999
_c
418246
_d
418246